Tour de France 2023 - Top 30 der Bergwertung - Statistiken

Allgemein
  • Dieses Quiz wurde 47 mal gespielt
  • Das Durchschnittsergebnis liegt bei 16 aus 30
Antwortstatistiken
# Fahrer Team Punkte % Korrekt
5 Tadej Pogačar UAE Team Emirates 55
100%
3 Jonas Vingegaard Team Jumbo-Visma 89
97%
8 Jai Hindley BORA-hansgrohe 31
92%
27 Adam Yates UAE Team Emirates 12
89%
6 Simon Yates Team Jayco-AlUla 44
89%
2 Felix Gall AG2R Citroën Team 92
86%
27 Carlos Rodriguez Ineos Grenadiers 12
75%
1 Giulio Ciccone Lidl-Trek 106
75%
18 David Gaudu Groupama-FDJ 16
69%
4 Neilson Powless EF Education-EasyPost 58
67%
13 Pello Bilbao Bahrain Victorious 21
64%
12 Thibaut Pinot Groupama-FDJ 22
64%
23 Emanuel Buchmann BORA-hansgrohe 14
61%
9 Michal Kwiatkowski Ineos Grenadiers 30
58%
15 Thomas Pidcock Ineos Grenadiers 18
56%
23 Matej Mohoric Bahrain Victorious 14
53%
7 Tobias Johannessen Uno-X Pro Cycling Team 38
53%
11 Michael Woods Israel-Premier Tech 28
50%
14 Wout Poels Bahrain Victorious 20
50%
25 Wilco Kelderman Team Jumbo-Visma 13
44%
21 Alesey Lutsenko Astana Qazaqstan Team 15
42%
21 Warren Barguil Team Arkéa-Samsic 15
42%
16 Julian Alaphilippe Soudal-Quick Step 17
33%
16 Chris Harper Team Jayco-AlUla 17
28%
10 Mattias Skjelmose Jensen Lidl-Trek 29
25%
27 Jack Haig Bahrain Victorious 12
19%
18 Maxim Van Gils Lotto-Dstny 16
17%
18 Pierre-Roger Latour TotalEnergies 16
17%
25 Krists Neilands Israel-Premier Tech 13
14%
27 Lawson Craddock Team Jayco-AlUla 12
6%
Keine übereinstimmenden Quizze gefunden
Verteilung der Resultate
Anzahl Personen mit jedem Resultat
Perzentil nach korrekt beantworteten Fragen
Ihre Resultats-Entwicklung
Sie haben dieses Quiz noch nicht gespielt